000
00206 a2200097 4500
001
7119
100
_a
Altes, K
245
_a
Transistors in logical circuits
260
_a
_b
Philips
_c
090
_c
5889
_d
5889
942
_a
NUST-CAE
_c
M
_c
32365
999
_c
242192
_d
242192